| 000 | 00743cam a2200241 4500 | ||
|---|---|---|---|
| 001 | ABS65777 | ||
| 008 | 020726n2002 000 0 eng u | ||
| 035 | _a(Sirsi) u119069 | ||
| 245 | _aAlternative land use | ||
| 260 | _c2002 | ||
| 490 |
_aFarm Development Review _v16(5) March 2002, LOAN |
||
| 520 | _aLooks at box schemes and farmers' markets as ways of selling and marketing unusual products, composting green waste, remembrance parks or burial sites on farmland, and golf trends. | ||
| 590 | _aABS | ||
| 650 | _aALTERNATIVE LAND USE | ||
| 650 | _aWASTE RECYCLING | ||
| 650 | _aCOMPOSTING | ||
| 650 | _aMARKETING | ||
| 650 | _aBURIAL SITES | ||
| 650 | _aGOLF | ||
| 650 | _aFARMLAND | ||
| 690 |
_aRural _96268 |
||
| 942 | _n0 | ||
| 999 |
_c70835 _d70835 |
||